|
|
|
|
| LEADER |
00890nam a2200241 a 4500 |
| 001 |
4618131 |
| 008 |
090601s1977 sz a b i000 0 eng d |
| 010 |
|
|
|a 77373882
|
| 020 |
|
|
|a 9221011658 :
|c 45.00F
|
| 040 |
|
|
|a DLC
|c DLC
|d DLC
|
| 082 |
0 |
0 |
|a 658.4/6/023
|2 18
|
| 245 |
0 |
0 |
|a Management consulting :
|b a guide to the profession /
|c ed. by M. Kubr.
|
| 250 |
|
|
|a 2nd impr. with modifications.
|
| 260 |
|
|
|a Geneva :
|b International Labour Office,
|c 1977.
|
| 300 |
|
|
|a ix, 369 p. :
|b ill. ;
|c 25 cm.
|
| 500 |
|
|
|a "Training films": p. 367-369.
|
| 504 |
|
|
|a Includes bibliographies.
|
| 541 |
1 |
|
|e 00002309
|
| 650 |
|
0 |
|a Business consultants.
|
| 700 |
1 |
|
|a Kubr, Milan.
|
| 852 |
4 |
|
|a Ayesha Abed Library
|j General Shelf.
|
| 999 |
|
|
|c 1242
|d 1242
|
| 952 |
|
|
|0 0
|1 0
|2 ddc
|4 0
|6 658_460230000000000_MAN
|7 0
|9 1128
|a BRACUL
|b BRACUL
|c GEN
|d 2009-06-25
|g 4340.00
|l 0
|o 658.46023 MAN
|p 3010002309
|r 2009-06-25
|t 1
|w 2009-06-25
|y BK
|